000 00696cam a2200205 4500500
005 20260405004115.0
041 _afre
042 _adc
100 1 0 _aOrtoli, Sven
_eauthor
245 0 0 _aAndré Comte-Sponville : "L’amour de la vie est plus précieux que les doctrines"
260 _c2023.
500 _a77
690 _aBlaise Pascal
690 _aKierkegaard
690 _aLouis Althusser
690 _aMarcel Conche
690 _aSartre
786 0 _nPhilosophie magazine - Hors séries | Hors série - Autome 2023 | HS59 | 2023-10-01 | p. 12-12 | 2104-9246
856 4 1 _uhttps://shs.cairn.info/magazine-philosophie-magazine-2023-hs59-page-12?lang=fr&redirect-ssocas=7080
999 _c2073760
_d2073760